National Anthem of Latvia - "Dievs, svētī Latviju!" - Statistics

General Stats
  • This quiz has been taken 24 times
  • The average score is 33 of 56
Answer Stats
Answer % Correct
Dievs,
100%
Latviju!
100%
svētī
100%
dārgo
79%
Mūs'
79%
tēviju,
74%
jel
68%
svētī
68%
ak,
63%
jel
63%
Latviju,
63%
svētī
63%
to!
63%
ak,
58%
dārgo
58%
dēli
58%
Dievs,
58%
dzied,
58%
jel
58%
jel
58%
Kur
58%
kur
58%
Latvijā!
58%
Latviju!
58%
Latviju,
58%
latvju
58%
latvju
58%
meitas
58%
Mūs'
58%
mūs'
58%
svētī`
58%
svētī
58%
svētī
58%
tēviju,
58%
to!
58%
zied,
58%
dēli
53%
diet,
53%
diet,
53%
dzied,
53%
Kur
53%
kur
53%
laimē
53%
laimē
53%
Latvijā!
53%
latvju
53%
latvju
53%
meitas
53%
mūs'
53%
tur
53%
tur
53%
zied,
53%
laid
47%
laid
47%
mums
47%
mums
47%
No matching quizzes found
Score Distribution
Percent of People with Each Score
Percentile by Number Answered
Your Score History
You have not taken this quiz